LEADER 00767nam0 2200253 450 001 000005598 005 20080619142555.0 010 $a0-8493-1395-3 100 $a20041202d2001----km-y0itay50------ba 101 0 $aeng 102 $aUS 200 1 $aNumerical techniques in electromagnetics$fMatthew N. O. Sadiku 205 $a2. ed. 210 $aBoca Raton [etc]$cCRC$dc2001 215 $aXIV, 743 p.$cill.$d24 cm 610 1 $aElettromagnetismo$aMetodi matematici 610 1 $aAnalisi numerica 676 $a537.01515 700 1$aSadiku,$bMatthew N. O.$0150569 801 0$aIT$bUNIPARTHENOPE$gRICA$2UNIMARC 912 $a000005598 951 $cPIST$aP1 537-N/2$b37229$d20041202 996 $aNumerical techniques in electromagnetics$91206110 997 $aUNIPARTHENOPE